Catálogo
 En Linea
Vista normal Vista MARC

Entrada Nombre personal

Número de registros utilizados en: 9

001 - NÚMERO DE CONTROL

  • campo de control: 21599

003 - IDENTIFICADOR DEL NÚMERO DE CONTROL

  • campo de control: BNPHU

005 - FECHA Y HORA DE LA ÚLTIMA TRANSACCIÓN

  • campo de control: 20240229180118.0

008 - DATOS DE LONGITUD FIJA

  • campo de control de longitud fija: 200615|| aca||aabn | a|a d

010 ## - NÚMERO DE CONTROL DE LA BIBLIOTECA DEL CONGRESO

  • Número de control de LC: nr2002016929

040 ## - FUENTE DE LA CATALOGACIÓN

  • Centro catalogador/agencia de origen: DO-SdBNP
  • Lengua de catalogación: spa
  • Centro/agencia transcriptor: BNPHU
  • Normas de descripción: rda

100 1# - ENCABEZAMIENTO-NOMBRE DE PERSONA

  • Nombre de persona: Ng Cortiñas, Haivanjoe

368 ## - OTROS ATRIBUTOS DE PERSONA O ENTIDAD CORPORATIVA

  • Tipo de entidad corporativa: Autores dominicanos

370 ## - LUGAR ASOCIADO

  • Lugar de nacimiento: Republica Dominicana

372 ## - CAMPO DE ACTIVIDAD

  • Campo de actividad: Ciencias economicas

373 ## - GRUPO ASOCIADO

  • Grupo asociado: Universidad Autónoma de Santo Domingo
  • Grupo asociado: Instituto Tecnológico de Santo Domingo
  • Grupo asociado: Universidad Tecnológica de Santiago
  • Grupo asociado: Consejo Superior Universitario Centroamericano

374 ## - OCUPACIÓN

  • Ocupación: Escritor

375 ## - GÉNERO/SEXO

  • Género/Sexo: Masculino

377 ## - LENGUA/LENGUAJE ASOCIADO

  • Código del idioma: spa

400 1# - TRAZADO DE VÉASE--NOMBRE DE PERSONA

  • Nombre de persona: Cortiñas, Haivanjoe Ng

670 ## - FUENTE DE DATOS ENCONTRADOS

  • Cita de la fuente: República Dominicana Contraloría General de la República 21598, Manual de operaciones de la auditoría gubernamental /, 1999.

670 ## - FUENTE DE DATOS ENCONTRADOS

  • Cita de la fuente: Fortalecimiento institucional de la Contraloría General de la República, 2000

670 ## - FUENTE DE DATOS ENCONTRADOS

  • Cita de la fuente: Hechos monetarios y fiscales, 2015

670 ## - FUENTE DE DATOS ENCONTRADOS

  • Identificador Uniforme del Recurso: https://authorities.loc.gov/cgi-bin/Pwebrecon.cgi?AuthRecID=5640486&v1=1&HC=1&SEQ=20240229175755&PID=F-sXeC8tYN_qyEPgfGxoMrxyshbDw

Con tecnología Koha